Memorias de la Real Academia de Ciencias Morales y Políticas (Record no. 172589)

MARC details
000 -LEADER
campo de control de longitud fija 02218nas a2200277 i 4500
001 - NÚMERO DE CONTROL
campo de control 172589
003 - IDENTIFICADOR DE NÚMERO DE CONTROL
campo de control ES-MaACL
005 - FECHA Y HORA DE LA ÚLTIMA TRANSACCIÓN
campo de control 20250928134552.0
007 - CAMPO FIJO DE DESCRIPCIÓN FÍSICA--INFORMACIÓN GENERAL
campo de control de longitud fija t|
008 - DATOS DE LONGITUD FIJA--INFORMACIÓN GENERAL
campo de control de longitud fija 090723c1893 sp a| | 1 ||pa d
080 ## - NÚMERO DE LA CLASIFICACIÓN DECIMAL UNIVERSAL
Número de la Clasificación Decimal Universal 3:061.12(460)
110 2# - ENTRADA PRINCIPAL--NOMBRE DE ENTIDAD CORPORATIVA
Nombre de entidad corporativa o nombre de jurisdicción como elemento de entrada Real Academia de Ciencias Morales y Políticas (España)
9 (RLIN) 222050
245 10 - MENCIÓN DEL TÍTULO
Título Memorias de la Real Academia de Ciencias Morales y Políticas
Fechas predominantes 1893.
260 ## - PUBLICACIÓN, DISTRIBUCIÓN, ETC.
Lugar de publicación, distribución, etc. Madrid :
Nombre del editor, distribuidor, etc. [s. n.],
Fecha de publicación, distribución, etc. 1893 (
Fabricante Imp. y Tip. de los Huérfanos)
300 ## - DESCRIPCIÓN FÍSICA
Extensión 1 v. ;
Dimensiones 26 cm.
505 8# - NOTA DE CONTENIDO CON FORMATO
Nota de contenido con formato Contiene: VII. Resumen de las actas leído el 26 de enero de 1890 / José García Barzanallana (22 p.) . La cuestión monetaria / Raimundo Fernández Villaverde (p. 23-166) . Constitución política de Aragón en el año 1300 / Vicente de la Fuente (p. 167-216) . La ciencia penal y la escuela positivista italiana / Fernando Vida (p. 217-304) . La talla de los mozos para el servicio militar, sorteados y medidos en las quintas de 1858 a 1867 / Laureano Figuerola (p. 305-312) . Historia de los niños expósitos y desamparados (obra escrita por León Lellemand) / Marqués de la Vega de Armijo (p. 313-334) . El Código civil del estado de Nueva York / Melchor Salvá (p. 335-396) . La política económica de España, por Anselmo R. de Rivas / Vizconde de Campo Grande (p. 397-412) . Exposición sobre el Código penal venezolano, por Francisco Ochoa / Vicente de la Fuente (p. 413-428) . Extractos de las discusiones habidas en la Academia (p. 429-584) . Resumen de la información arancelaria, tratados de comercio y régimen de bandera en la navegación entre nuestros puertos de España y Ultramar, decretada en octubre de 1889 y terminada el 30 del mismo mes de 1890 / Vizconde de Campo Grande (p. 585-639).
700 1# - ENTRADA AGREGADA--NOMBRE PERSONAL
Nombre de persona Fernández Villaverde, Raimundo,
Fechas asociadas al nombre 1848-1905
9 (RLIN) 50163
700 1# - ENTRADA AGREGADA--NOMBRE PERSONAL
Nombre de persona Vida, Fernando.
9 (RLIN) 133678
700 1# - ENTRADA AGREGADA--NOMBRE PERSONAL
Nombre de persona Figuerola, Laureano,
Fechas asociadas al nombre 1816-1903
9 (RLIN) 50808
700 1# - ENTRADA AGREGADA--NOMBRE PERSONAL
Nombre de persona Jove y Hevia, Plácido de,
Títulos y otros términos asociados al nombre Vizconde de Campo Grande
9 (RLIN) 67050
700 1# - ENTRADA AGREGADA--NOMBRE PERSONAL
Nombre de persona García Barzanallana, José,
Fechas asociadas al nombre 1819-1903
9 (RLIN) 54239
700 1# - ENTRADA AGREGADA--NOMBRE PERSONAL
Nombre de persona Salvá, Melchor,
Fechas asociadas al nombre 1834-1918
9 (RLIN) 102056
700 1# - ENTRADA AGREGADA--NOMBRE PERSONAL
Nombre de persona Fuente, Vicente de la,
Fechas asociadas al nombre 1817-1889
9 (RLIN) 52857
852 4# - LOCALIZACIÓN
Ubicación ES-MaACL
Número de control de estantería K-177
Holdings
Estatus retirado Estado de pérdida Estado de daño No para préstamo Colección Biblioteca de origen Biblioteca actual Ubicación en estantería Fecha de adquisición Total de préstamos Signatura topográfica completa Código de barras Visto por última vez Precio de reemplazo Tipo de ítem Koha
        Periódicos y Revistas Biblioteca del Ateneo de Madrid Biblioteca del Ateneo de Madrid Administración 23/07/2009   K-177 1181118 23/02/2023 23/02/2023 Revista